Moření oceli /
Saved in:
| Main Author: | |
|---|---|
| Format: | Book |
| Language: | Czech |
| Published: |
Praha :
SNTL,
1985
|
| Edition: | 1.vyd. |
| Subjects: | |
| Tags: |
No Tags, Be the first to tag this record!
|
MARC
| LEADER | 00000nam a22000003a 4500 | ||
|---|---|---|---|
| 001 | stu39553 | ||
| 005 | 20150617225725.3 | ||
| 008 | 930215s1985----cs------------------cze-d | ||
| 040 | |a STU |b slo | ||
| 041 | 0 | |a cze | |
| 044 | |a cs | ||
| 080 | |a 621.794.4 | ||
| 080 | |a 669.14(035) |7 stu_us_auth*stu12104 | ||
| 100 | 1 | |a Šturc, Josef |4 xxx | |
| 245 | 1 | |a Moření oceli / |c Josef Šturc a kol | |
| 250 | |a 1.vyd. | ||
| 260 | |a Praha : |b SNTL, |c 1985 | ||
| 300 | |a 256 s | ||
| 650 | 7 | |a oceľ |2 stusub | |
| 650 | 7 | |a morenie |2 stusub | |
| 650 | 7 | |a príručky |2 stusub | |
| 650 | 7 | |a Morenie ocele |2 stusub | |
| 996 | |b 284M013684 |c M*109-3 |l MMKN |s A |a 24 |w stu39553_0001 | ||
| 996 | |b 284M013685 |c M*109-4 |l MMKN |s A |a 24 |w stu39553_0002 | ||
| 996 | |b 284M013682 |c M*109-1 |l MMKN |s A |a 24 |w stu39553_0003 | ||
| 996 | |b 284M013683 |c M*109-2 |l MMKN |s A |a 24 |w stu39553_0004 | ||
| 996 | |b 284V029991 |c V*29874/O-11943 |l VVS |s A |a 24 |w stu39553_0005 | ||
| 996 | |b 284V029990 |c V*29875/O-11943a |l VVS |s A |a 24 |w stu39553_0006 | ||